00770nam a22002177a 4500003000200000005001700002008004100019020001800060050002200078245007600100260004100176300007600217504004200293650003800335650001900373650004500392650003600437700002800473700002700501700002400528020250507101519.0250507b xxu||||| |||| 00| 0 eng d a9786214061037 aBF 39 b.P79 2024 aPsychological statisticscFrancisco M. Lambojon, Jr. and four others.  aManilabMindshapers Co. Inc. cc2024 aviii, 268 pages :bblack and white illustrations and pictures ;c26cm.  aIncludes bibliographical references.  aPsychology—Statistical methods. aPsychometrics. aStatistics—Psychological applications. aResearch—Statistical methods. aLambojon, Francisco M.  aIbanez, Karen Gail C.  aArcega, Analiza F.